[Event "VII Open Settembre Vomero"]
[Site "Napoli ITA"]
[Date "2010.10.03"]
[Round "4"]
[White "Angelotti, Mario"]
[Black "Franzese, Luigi"]
[WhiteElo "1845"]
[BlackElo "1808"]
[Result "0-1"]
[PlyCount "124"]
[EventDate "2010.09.10"]

1. e4 c5 2. Nf3 Nc6 3. d4 cxd4 4. Nxd4 e6 5. Bc4 a6 6. Be3 Qc7 7. Bb3 b5 8. a3
Bb7 9. Nc3 Nf6 10. Qe2 Rc8 11. O-O-O Be7 12. g4 Ne5 13. f3 O-O 14. g5 Ne8 15.
f4 Nc4 16. Ndxb5 axb5 17. Nxb5 Qc6 18. Na7 Qxe4 19. Nxc8 Bc5 20. Qxc4 Qxc4 21.
Bxc4 Bxe3+ 22. Kb1 Bxc8 23. Rhf1 d5 24. Bd3 Nd6 25. Rf3 d4 26. c3 Bb7 27. Rh3
g6 28. cxd4 Bxf4 29. Rg1 Rc8 30. Rg4 Rc1+ 31. Ka2 Bd5+ 32. b3 e5 33. Rgh4 Be6
34. Rxh7 Bxh3 35. Rxh3 exd4 36. a4 Nb7 37. b4 Bd6 38. b5 Rc3 39. Bf1 Rxh3 40.
Bxh3 Bxh2 41. Bg2 Na5 42. b6 Bd6 43. Kb2 Nc4+ 44. Kb3 Nxb6 45. a5 Nd7 46. Kc4
Bb8 47. Kxd4 Ba7+ 48. Kd5 Kf8 49. Kc6 Ke7 50. Bd5 f5 51. Kb7 Be3 52. Bc6 Bxg5
53. a6 Be3 54. a7 Bxa7 55. Kxa7 Ne5 56. Bg2 f4 57. Kb6 f3 58. Bh3 Kd6 59. Kb5
Kd5 60. Kb4 Kd4 61. Kb3 Ke3 62. Kc3 g5 0-1

[Event "VII Open Settembre Vomero"]
[Site "Napoli ITA"]
[Date "2010.10.03"]
[Round "4"]
[White "De Rosa, Francesco"]
[Black "Accardo, Francesco"]
[WhiteElo "1994"]
[BlackElo "1870"]
[Result "0-1"]
[PlyCount "66"]
[EventDate "2010.09.10"]

1. d4 b5 2. Nf3 Bb7 3. g3 Nf6 4. Bg2 Nc6 5. O-O d6 6. a4 b4 7. a5 a6 8. Nbd2 e6
9. e4 Be7 10. Qe2 Nd7 11. Rd1 e5 12. dxe5 dxe5 13. Nc4 Qb8 14. Bh3 Nc5 15.
Nfxe5 O-O 16. Nd7 Nxd7 17. Bxd7 Qa7 18. c3 Rad8 19. Be3 Qa8 20. Qg4 Kh8 21.
Bxc6 Bxc6 22. Bd4 f6 23. f3 Bd7 24. Qf4 Qb7 25. cxb4 g5 26. Qxg5 Qxb4 27. Qc1
Be6 28. b3 Rxd4 29. Rxd4 Bc5 30. Qd1 Rd8 31. Ra4 Qc3 32. Kg2 Rxd4 33. Qe2 Qxb3
0-1

[Event "VII Open Settembre Vomero"]
[Site "Napoli ITA"]
[Date "2010.10.03"]
[Round "4"]
[White "Della Corte, Alessandro"]
[Black "Ficco, Corrado"]
[WhiteElo "2261"]
[BlackElo "2117"]
[Result "0-1"]
[PlyCount "92"]
[EventDate "2010.09.10"]

1. Nf3 f5 2. c4 Nf6 3. Nc3 g6 4. g3 Bg7 5. Bg2 O-O 6. O-O d6 7. d3 e5 8. Rb1 a5
9. a3 h6 10. b4 axb4 11. axb4 Nc6 12. b5 Ne7 13. Qb3 Be6 14. Bb2 b6 15. Nd2 Rc8
16. Ra1 g5 17. Ra7 f4 18. Nd5 fxg3 19. hxg3 Ng4 20. Ne4 Bxd5 21. cxd5 Qe8 22.
Bh3 Qh5 23. Bxg4 Qxg4 24. Qc4 Qxe2 25. Ba3 Nf5 26. Bc1 Rf7 27. Ra2 Qf3 28. Nd2
Qe2 29. Qe4 Nxg3 30. Qxe2 Nxe2+ 31. Kh2 Nc3 32. Rc2 Nxb5 33. Ne4 Ra8 34. Be3
Nd4 35. Bxd4 exd4 36. Rfc1 Ra7 37. Kg2 Be5 38. Rc4 Kg7 39. R1c2 Kg6 40. f3 h5
41. Nf2 Kf5 42. Kh3 Rg7 43. Kg2 g4 44. fxg4+ hxg4 45. Ne4 g3 46. Rc1 Kg4 0-1

[Event "VII Open Settembre Vomero"]
[Site "Napoli ITA"]
[Date "2010.10.03"]
[Round "4"]
[White "Di Gennaro, Antonio"]
[Black "Pinto, Gaetano"]
[WhiteElo "1661"]
[BlackElo "2048"]
[Result "0-1"]
[PlyCount "74"]
[EventDate "2010.09.10"]

1. e4 d6 2. d4 Nf6 3. Nc3 Nbd7 4. Nf3 e5 5. Bc4 Be7 6. O-O O-O 7. Re1 c6 8. a4
b6 9. d5 cxd5 10. Bxd5 Nxd5 11. Nxd5 Nf6 12. c4 Nxd5 13. exd5 Bg4 14. b4 f5 15.
Qb3 Bf6 16. Ra2 Kh8 17. h3 Bh5 18. Nh2 g5 19. g4 Bg6 20. Rae2 h5 21. f3 Qd7 22.
gxh5 Bxh5 23. Rg2 Rg8 24. Qd1 Rac8 25. Qb3 Qc7 26. Qc2 Bg6 27. Bxg5 Bxg5 28.
Rxg5 Qxc4 29. Qxc4 Rxc4 30. Kh1 Bh7 31. Rxg8+ Bxg8 32. Rg1 Bf7 33. Rg5 Rf4 34.
Ng4 fxg4 35. fxg4 e4 36. Rf5 Rxf5 37. gxf5 Kg7 0-1

[Event "VII Open Settembre Vomero"]
[Site "Napoli ITA"]
[Date "2010.10.03"]
[Round "4"]
[White "Esposito, Pino"]
[Black "Colli, Roberto"]
[WhiteElo "1877"]
[BlackElo "1739"]
[Result "1/2-1/2"]
[PlyCount "104"]
[EventDate "2010.09.10"]

1. e4 c5 2. f4 d6 3. Nf3 e6 4. Bb5+ Nc6 5. d3 a6 6. Bxc6+ bxc6 7. O-O Nf6 8.
Bd2 Rb8 9. b3 Be7 10. Na3 O-O 11. Nc4 Qc7 12. Ba5 Qa7 13. Kh1 d5 14. Nce5 Bd7
15. Qe2 Ne8 16. Nxd7 Qxd7 17. e5 f6 18. c4 fxe5 19. fxe5 g6 20. Bd2 Ng7 21. Bh6
Rf5 22. g4 Rf7 23. Qg2 Rbf8 24. Qh3 Qb7 25. Rae1 Qb4 26. Kg1 Qc3 27. Bg5 Qxd3
28. Re3 Qc2 29. Bxe7 Rxe7 30. Ng5 Rxf1+ 31. Qxf1 h6 32. Qf6 Qd1+ 33. Kf2 Qd2+
34. Re2 Qxg5 35. h4 Qxf6+ 36. exf6 Rf7 37. g5 hxg5 38. hxg5 dxc4 39. bxc4 Rd7
40. Ke1 Nf5 41. Rxe6 Rd6 42. Re5 Kf7 43. Rxc5 Re6+ 44. Kf2 Nd6 45. Kf3 Ne4 46.
Ra5 Nd2+ 47. Kg3 Nxc4 48. Rxa6 Re5 49. Kf4 Rf5+ 50. Kg4 Ne3+ 51. Kh4 Ng2+ 52.
Kg4 Ne3+ 1/2-1/2

[Event "VII Open Settembre Vomero"]
[Site "Napoli ITA"]
[Date "2010.10.03"]
[Round "4"]
[White "Esposito, Rosario"]
[Black "Somma, Erminio"]
[WhiteElo "1823"]
[BlackElo "1487"]
[Result "1/2-1/2"]
[PlyCount "49"]
[EventDate "2010.09.10"]

1. d4 f5 2. c4 g6 3. g3 Bg7 4. Bg2 Nf6 5. Nc3 c6 6. Nf3 d6 7. O-O O-O 8. d5 e5
9. Bg5 Qe8 10. dxc6 e4 11. cxb7 Bxb7 12. Nd4 a6 13. Qb3 Qd7 14. Rfd1 Nc6 15.
Nxc6 Bxc6 16. Bf4 Ne8 17. Bxd6 Nxd6 18. c5+ Qf7 19. Qxf7+ Nxf7 20. Rac1 Rad8
21. Rxd8 Rxd8 22. Rc2 Ne5 23. b3 h5 24. Kf1 Bh6 25. Ke1 1/2-1/2

[Event "VII Open Settembre Vomero"]
[Site "Napoli ITA"]
[Date "2010.10.03"]
[Round "4"]
[White "Gallina, Giacomo"]
[Black "Miccoli, Livio"]
[WhiteElo "1720"]
[BlackElo "1706"]
[Result "1-0"]
[PlyCount "73"]
[EventDate "2010.09.10"]

1. e4 e6 2. Bc4 d5 3. Bb3 Nf6 4. e5 Nfd7 5. d4 c5 6. c3 Nc6 7. Nf3 f6 8. O-O
fxe5 9. dxe5 Ndxe5 10. Nxe5 Nxe5 11. Re1 Bd6 12. f4 Ng6 13. Qh5 O-O 14. g3 Rf5
15. Qg4 Kh8 16. Bc2 Rf6 17. Qh5 Bd7 18. Nd2 Qe7 19. Nf3 Be8 20. Qh3 h6 21. f5
Nf8 22. Bg5 Bd7 23. Ne5 Re8 24. Nxd7 Nxd7 25. Rxe6 Rxe6 26. Bxe7 R6xe7 27. Rf1
Re2 28. Ba4 Rxb2 29. f6 Ree2 30. fxg7+ Kxg7 31. Qxd7+ Be7 32. Qg4+ Bg5 33. Qd7+
Be7 34. Qxd5 Bf6 35. Bb3 c4 36. Bxc4 Rg2+ 37. Qxg2 1-0

[Event "VII Open Settembre Vomero"]
[Site "Napoli ITA"]
[Date "2010.10.03"]
[Round "4"]
[White "Iannotta, Francesco"]
[Black "Caiazzo, Diego"]
[WhiteElo "1687"]
[BlackElo "1887"]
[Result "0-1"]
[PlyCount "64"]
[EventDate "2010.09.10"]

1. e4 e6 2. d4 d5 3. exd5 exd5 4. Nf3 Bd6 5. Nc3 c6 6. Bg5 Qc7 7. Be2 Ne7 8.
Qd2 O-O 9. O-O Bg4 10. h3 Bxf3 11. Bxf3 Nd7 12. Rfe1 Rae8 13. Re2 Ng6 14. Rae1
Rxe2 15. Rxe2 f6 16. Be3 Re8 17. Bh5 Ndf8 18. Qd3 Re7 19. Nd1 Nf4 20. Bxf4 Bxf4
21. Ne3 Qd8 22. Nf5 Rxe2 23. Qxe2 g6 24. Qg4 Bc1 25. Qg3 Kh8 26. Nd6 Qe7 27.
Bg4 Bxb2 28. c3 Qe1+ 29. Kh2 Bxc3 30. Nf7+ Kg7 31. Qc7 Ne6 32. Ng5+ Nxc7 0-1

[Event "VII Open Settembre Vomero"]
[Site "Napoli ITA"]
[Date "2010.10.03"]
[Round "4"]
[White "Seletsky, Grigory"]
[Black "Cosenza, Gianni"]
[WhiteElo "2295"]
[BlackElo "1925"]
[Result "1-0"]
[PlyCount "57"]
[EventDate "2010.09.10"]

1. e4 e6 2. d4 d5 3. Nc3 Nf6 4. Bg5 Be7 5. e5 Nfd7 6. h4 f6 7. exf6 Nxf6 8. Nf3
a6 9. Bd3 c5 10. dxc5 Nc6 11. Qe2 O-O 12. O-O-O Bxc5 13. Kb1 b5 14. Ne5 Nxe5
15. Qxe5 Qd6 16. Qe2 Qc6 17. Bxf6 Rxf6 18. Ne4 Rf4 19. Nxc5 Qxc5 20. f3 Bd7 21.
g3 Rf7 22. f4 Raf8 23. Qh5 Rf5 24. Bxf5 Rxf5 25. Qe2 d4 26. Rhe1 a5 27. Qd3 Rd5
28. Re4 e5 29. Rxe5 1-0

[Event "VII Open Settembre Vomero"]
[Site "Napoli ITA"]
[Date "2010.10.03"]
[Round "4"]
[White "Sgammato, Francesco"]
[Black "Borrelli, Salvatore"]
[WhiteElo "1614"]
[BlackElo "1963"]
[Result "0-1"]
[PlyCount "98"]
[EventDate "2010.09.10"]

1. c4 f5 2. Nc3 Nf6 3. Nf3 d6 4. d4 e6 5. e3 Be7 6. Be2 O-O 7. O-O b6 8. b3 Ne4
9. Qc2 Bb7 10. Bb2 Qe8 11. Nb5 Na6 12. a3 c6 13. Nc3 d5 14. cxd5 exd5 15. Nxe4
fxe4 16. Ne5 Bd6 17. Rac1 c5 18. Qc3 Rf5 19. f4 exf3 20. Rxf3 Rxf3 21. Bxf3 Qe7
22. Qe1 Re8 23. Qc3 cxd4 24. exd4 Bxa3 25. Bxa3 Qxa3 26. Bg4 Qe7 27. Rf1 Rf8
28. Qh3 Rxf1+ 29. Kxf1 Nc7 30. Qe3 Ba6+ 31. Kg1 Qa3 32. h3 Qe7 33. Kh2 Ne8 34.
Nc4 Qxe3 35. Nxe3 Nf6 36. Be6+ Kf8 37. Nxd5 Nxd5 38. Bxd5 Ke7 39. Kg3 Kd6 40.
Be4 h6 41. h4 Bc8 42. Kf4 Be6 43. b4 a5 44. bxa5 bxa5 45. Ke3 Bd5 46. Bf3 Bxf3
47. gxf3 Kd5 48. Kd3 a4 49. h5 a3 0-1

[Event "VII Open Settembre Vomero"]
[Site "Napoli ITA"]
[Date "2010.10.08"]
[Round "5"]
[White "Accardo, Francesco"]
[Black "Della Corte, Alessandro"]
[WhiteElo "1870"]
[BlackElo "2261"]
[Result "0-1"]
[PlyCount "38"]
[EventDate "2010.09.10"]

1. g4 d6 2. Bg2 Bxg4 3. Bxb7 Nd7 4. c3 e5 5. Qa4 Ngf6 6. h3 Bh5 7. d4 Be7 8.
Nf3 O-O 9. Rg1 Rb8 10. Qa6 Re8 11. c4 exd4 12. Qxa7 d3 13. Nd4 c5 14. Nf5 Bg6
15. Ne3 Qc7 16. Nc3 Rxb7 17. Qa4 Nb6 18. Qd1 d5 19. Nb5 Qh2 0-1

[Event "VII Open Settembre Vomero"]
[Site "Napoli ITA"]
[Date "2010.10.08"]
[Round "5"]
[White "Angelotti, Mario"]
[Black "Di Gennaro, Antonio"]
[WhiteElo "1845"]
[BlackElo "1661"]
[Result "1/2-1/2"]
[PlyCount "64"]
[EventDate "2010.09.10"]

1. e4 c5 2. Nf3 d6 3. d4 cxd4 4. Nxd4 Nf6 5. Nc3 a6 6. Bc4 e6 7. Be3 Be7 8. Bb3
O-O 9. Qe2 b5 10. a3 Bb7 11. f3 Nbd7 12. Bxe6 fxe6 13. Nxe6 Qc8 14. Nxf8 Qxf8
15. O-O-O Ne5 16. g4 Nc4 17. g5 Nh5 18. Nd5 Bxd5 19. Rxd5 Nxe3 20. Qxe3 g6 21.
Qb3 Kh8 22. Kb1 Nf4 23. Qc3+ Kg8 24. Rhd1 Nxd5 25. Rxd5 Rc8 26. Qe3 Rc5 27. h4
Qc8 28. Rd2 Qe6 29. Rh2 Qc4 30. f4 Qf1+ 31. Ka2 Qc4+ 32. Kb1 Qf1+ 1/2-1/2

[Event "VII Open Settembre Vomero"]
[Site "Napoli ITA"]
[Date "2010.10.08"]
[Round "5"]
[White "Cangiano, Federico"]
[Black "Gallo, Thomas Renato"]
[WhiteElo "1960"]
[BlackElo "1863"]
[Result "1/2-1/2"]
[PlyCount "102"]
[EventDate "2010.09.10"]

1. e4 e6 2. d4 d5 3. Nc3 dxe4 4. Nxe4 Bd7 5. Nf3 Bc6 6. Bd3 Nd7 7. O-O Ngf6 8.
Ng3 Bd6 9. Qe2 Bxf3 10. Qxf3 c6 11. Re1 O-O 12. Ne4 Be7 13. Ng5 Qa5 14. c3 h6
15. Ne4 Qh5 16. Nxf6+ Nxf6 17. Qg3 Rfd8 18. Be2 Qg6 19. Qxg6 fxg6 20. Bd3 Kf7
21. Re3 g5 22. Bc4 Rd6 23. Rf3 Bd8 24. b4 b5 25. Bb3 a5 26. Ba3 a4 27. Bc2 Ke7
28. Re1 Bc7 29. Be4 Rf8 30. Rfe3 Ng4 31. R3e2 Kd7 32. Bf3 Nf6 33. g3 g4 34. Bg2
Nh7 35. Bc1 g5 36. h3 gxh3 37. Bxh3 Rf6 38. f4 Rg6 39. f5 Rf6 40. Rxe6 Rfxe6
41. fxe6+ Ke7 42. Kg2 Nf8 43. Rd1 Bb6 44. Be3 Nxe6 45. Bxe6 Rxe6 46. Kf3 g4+
47. Kf2 Bc7 48. Bf4 Rf6 49. Ke3 Re6+ 50. Kf2 Rf6 51. Ke3 Re6+ 1/2-1/2

[Event "VII Open Settembre Vomero"]
[Site "Napoli ITA"]
[Date "2010.10.08"]
[Round "5"]
[White "Colli, Roberto"]
[Black "Caiazzo, Diego"]
[WhiteElo "1739"]
[BlackElo "1887"]
[Result "1-0"]
[PlyCount "29"]
[EventDate "2010.09.10"]

1. d4 d5 2. c4 c6 3. Nf3 e6 4. g3 Nf6 5. Bg2 Be7 6. O-O O-O 7. Nc3 Nbd7 8. b3
b6 9. Qc2 Bb7 10. Bb2 Rc8 11. e4 dxe4 12. Nxe4 c5 13. Nxf6+ Nxf6 14. dxc5 Bxc5
15. Ng5 1-0

[Event "VII Open Settembre Vomero"]
[Site "Napoli ITA"]
[Date "2010.10.08"]
[Round "5"]
[White "Cosenza, Gianni"]
[Black "Borrelli, Salvatore"]
[WhiteElo "1925"]
[BlackElo "1963"]
[Result "1-0"]
[PlyCount "76"]
[EventDate "2010.09.10"]

1. e4 e5 2. Nf3 Nc6 3. Bb5 a6 4. Ba4 Nf6 5. d3 d6 6. O-O Be7 7. c3 O-O 8. Re1
b5 9. Bc2 Bg4 10. Nbd2 h6 11. Nf1 d5 12. Qe2 d4 13. h3 Be6 14. Ng3 dxc3 15.
bxc3 b4 16. Ba4 Qd6 17. Bxc6 Qxc6 18. c4 Nd7 19. Bb2 f6 20. Nh4 Rfe8 21. Nhf5
Bf8 22. Bc1 Bxf5 23. Nxf5 g5 24. Qh5 Qe6 25. Qg6+ Kh8 26. Nxh6 Bxh6 27. Qxh6+
Kg8 28. Qg6+ Kh8 29. h4 Re7 30. hxg5 Rg8 31. Qf5 Qxf5 32. exf5 fxg5 33. d4 e4
34. f3 Nf6 35. d5 Kh7 36. Bb2 Kg7 37. Rxe4 Kf7 38. c5 Ne8 1-0

[Event "VII Open Settembre Vomero"]
[Site "Napoli ITA"]
[Date "2010.10.08"]
[Round "5"]
[White "De Biase, Arcangelo"]
[Black "Esposito, Rosario"]
[WhiteElo "1867"]
[BlackElo "1823"]
[Result "0-1"]
[PlyCount "54"]
[EventDate "2010.09.10"]

1. e4 c5 2. Nf3 e6 3. d4 cxd4 4. Nxd4 Nc6 5. Nc3 Qc7 6. Be2 a6 7. O-O Nf6 8.
Be3 Bb4 9. f3 b5 10. Nb3 O-O 11. Qd2 Bb7 12. a3 Be7 13. Bf2 Bd6 14. g3 Ne8 15.
f4 Nd8 16. Rad1 f5 17. Bf3 Nf7 18. Nc5 Bxc5 19. Qxd7 Bxf2+ 20. Rxf2 Rd8 21.
Qxe6 Rxd1+ 22. Nxd1 fxe4 23. Bxe4 Bxe4 24. Qxe4 Nf6 25. Qf3 Re8 26. Kf1 Qc4+
27. Kg2 Qe4 0-1

[Event "VII Open Settembre Vomero"]
[Site "Napoli ITA"]
[Date "2010.10.08"]
[Round "5"]
[White "Esposito, Pino"]
[Black "Gallina, Giacomo"]
[WhiteElo "1877"]
[BlackElo "1720"]
[Result "1-0"]
[PlyCount "129"]
[EventDate "2010.09.10"]

1. e4 d5 2. exd5 Nf6 3. d4 Nxd5 4. c4 Nb4 5. a3 N4a6 6. Nf3 Bg4 7. Be2 c6 8.
O-O e6 9. Be3 Bd6 10. Nbd2 O-O 11. h3 Bh5 12. Ne4 Bc7 13. Qb3 Qc8 14. Rad1 f5
15. Neg5 h6 16. Nxe6 Qxe6 17. d5 Qe7 18. d6 Bxd6 19. c5+ Bf7 20. cxd6 Qd7 21.
Bc4 Bxc4 22. Qxc4+ Qf7 23. Qxf7+ Kxf7 24. Ne5+ Ke8 25. d7+ Kd8 26. Rd6 Nc7 27.
Rfd1 Nd5 28. Bc5 b6 29. R6xd5 bxc5 30. Rxc5 Kc7 31. Rc2 a5 32. b4 axb4 33. axb4
Rd8 34. Rcd2 Ra4 35. Rd4 Ra7 36. h4 Rb7 37. h5 Rb5 38. f4 Na6 39. Nf7 Nxb4 40.
Nxd8 Kxd8 41. Re1 Nd5 42. Re5 Rb1+ 43. Kh2 Rb7 44. Re8+ Kxd7 45. Re5 Kd6 46.
Rxf5 Re7 47. Kg3 Kc5 48. Rd3 Kc4 49. Rf3 Kd4 50. Kf2 c5 51. g4 c4 52. g5 c3 53.
Rxd5+ Kxd5 54. Rxc3 Rf7 55. Kg3 hxg5 56. fxg5 Ke4 57. Rc4+ Ke5 58. Kg4 Rf1 59.
Rc5+ Ke6 60. g6 Rg1+ 61. Kf4 Rf1+ 62. Ke4 Kf6 63. Rd5 Rf2 64. Rd7 Rf1 65. Rf7+
1-0

[Event "VII Open Settembre Vomero"]
[Site "Napoli ITA"]
[Date "2010.10.08"]
[Round "5"]
[White "Ficco, Corrado"]
[Black "Seletsky, Grigory"]
[WhiteElo "2117"]
[BlackElo "2295"]
[Result "0-1"]
[PlyCount "64"]
[EventDate "2010.09.10"]

1. e4 e6 2. d4 d5 3. Nc3 Nc6 4. Nf3 Nf6 5. Bd3 dxe4 6. Nxe4 Nb4 7. Bg5 Be7 8.
Bxf6 Nxd3+ 9. Qxd3 gxf6 10. O-O-O b6 11. Rhe1 Bb7 12. c4 Qd7 13. Kb1 O-O-O 14.
Qe3 h6 15. Qf4 f5 16. Nc3 Bg5 17. Nxg5 hxg5 18. Qe5 Bxg2 19. d5 exd5 20. Nxd5
Bxd5 21. Rxd5 Qe6 22. Qc3 Qg6 23. Qd3 f4 24. Qxg6 fxg6 25. Rxg5 Rxh2 26. Rxg6
Rxf2 27. Rg7 Rdd2 28. b3 Rb2+ 29. Ka1 Rxa2+ 30. Kb1 Rab2+ 31. Ka1 Rbe2 32. Rd1
f3 0-1

[Event "VII Open Settembre Vomero"]
[Site "Napoli ITA"]
[Date "2010.10.08"]
[Round "5"]
[White "Franzese, Luigi"]
[Black "De Rosa, Francesco"]
[WhiteElo "1808"]
[BlackElo "1994"]
[Result "1-0"]
[PlyCount "67"]
[EventDate "2010.09.10"]

1. e4 c5 2. Nf3 Nc6 3. d4 cxd4 4. Nxd4 g6 5. Be3 Bg7 6. Nc3 Nf6 7. f3 d6 8. Qd2
O-O 9. O-O-O Bd7 10. g4 Rb8 11. h4 Qa5 12. Nb3 Qc7 13. h5 Be6 14. hxg6 fxg6 15.
Bh6 Rbc8 16. Bxg7 Kxg7 17. Qh6+ Kg8 18. g5 Nh5 19. Rxh5 gxh5 20. Qxe6+ Kg7 21.
Qh6+ Kh8 22. Bh3 Ne5 23. Bxc8 Rxc8 24. Nd4 Qc5 25. Nf5 Rg8 26. Nxe7 Qe3+ 27.
Kb1 Rg7 28. Nf5 Qxg5 29. Qxg7+ Qxg7 30. Nxg7 Kxg7 31. f4 Nf3 32. Rd3 Nh4 33.
Rh3 Ng6 34. Nd5 1-0

[Event "VII Open Settembre Vomero"]
[Site "Napoli ITA"]
[Date "2010.10.08"]
[Round "5"]
[White "Miccoli, Livio"]
[Black "Iannotta, Francesco"]
[WhiteElo "1706"]
[BlackElo "1687"]
[Result "1/2-1/2"]
[PlyCount "135"]
[EventDate "2010.09.10"]

1. e4 e5 2. Nf3 Nc6 3. Bb5 a6 4. Bxc6 dxc6 5. d4 exd4 6. Qxd4 Qxd4 7. Nxd4 Nf6
8. O-O c5 9. Nb3 c4 10. N3d2 Be6 11. f3 Bc5+ 12. Kh1 O-O-O 13. Nc3 Rd7 14. Ndb1
Rhd8 15. e5 Ng8 16. Bf4 b5 17. Ne4 Ba7 18. Nbc3 h6 19. Rad1 Ne7 20. Rxd7 Rxd7
21. Rd1 Rxd1+ 22. Nxd1 Nd5 23. Bd2 Bd4 24. f4 Bf5 25. c3 Bb6 26. Nef2 f6 27. g4
Bd7 28. exf6 Nxf6 29. h3 Bc6+ 30. Kh2 Bd5 31. Be3 c5 32. Kg3 Kd7 33. f5 Bc6 34.
Bf4 Nd5 35. Be5 Nf6 36. h4 Bd8 37. Ne3 Ke8 38. g5 hxg5 39. hxg5 Nh7 40. Bxg7
Nxg5 41. Kf4 Nh7 42. Neg4 Bg5+ 43. Kg3 Bc1 44. Nd1 Ng5 45. f6 Ne4+ 46. Kh4 Bf4
47. Bh6 Bg3+ 48. Kh5 Bd7 49. Nde3 Kf7 50. Bg7 Bf4 51. Nd5 Ng3+ 52. Kh4 Nf5+ 53.
Kh5 Nxg7+ 54. fxg7 Bxg4+ 55. Kxg4 Be5 56. g8=Q+ Kxg8 57. Ne3 Kf7 58. Kf5 Bg7
59. Nd5 Bh6 60. Nc7 Bc1 61. Nxa6 Bxb2 62. Nxc5 Bxc3 63. Ne4 Bb4 64. Ke5 c3 65.
Nxc3 Bxc3+ 66. Kd5 b4 67. Kc4 Bd2 68. Kb3 1/2-1/2

[Event "VII Open Settembre Vomero"]
[Site "Napoli ITA"]
[Date "2010.10.08"]
[Round "5"]
[White "Pinto, Gaetano"]
[Black "Di Meo, Antonio"]
[WhiteElo "2048"]
[BlackElo "1950"]
[Result "1/2-1/2"]
[PlyCount "108"]
[EventDate "2010.09.10"]

1. d4 c6 2. Nf3 g6 3. e4 d6 4. c3 Bg7 5. Bd3 b5 6. O-O Nf6 7. Re1 O-O 8. Qc2 a5
9. Nbd2 Bd7 10. Nf1 c5 11. dxc5 dxc5 12. a3 c4 13. Be2 Nc6 14. Ne3 Qc7 15. a4
bxa4 16. Nxc4 Ng4 17. h3 Nge5 18. Nfxe5 Nxe5 19. Nxe5 Bxe5 20. Be3 Bc6 21. f3
Rab8 22. Red1 Rb7 23. Ra2 Bd7 24. Rd2 Rfb8 25. Qc1 Bd6 26. Ra1 Rb3 27. Bd1 a3
28. Bxb3 Rxb3 29. Bd4 e5 30. Bf2 axb2 31. Rxb2 Ba3 32. Rxa3 Rxa3 33. Rb8+ Qxb8
34. Qxa3 a4 35. Qe7 Qe8 36. Qd6 Qe6 37. Qb8+ Qe8 38. Qa7 Kg7 39. Bg3 Qe7 40.
Qa5 f6 41. Bf2 Qf7 42. Bc5 Be6 43. Qxa4 Bb3 44. Qb4 Be6 45. Qb8 Bc4 46. g4 Be6
47. Bd6 Bd7 48. c4 Qe8 49. Qa7 Qc8 50. c5 Qc6 51. Kf2 Qa4 52. Qc7 Qd4+ 53. Ke2
Qb2+ 54. Kf1 Qb1+ 1/2-1/2

[Event "VII Open Settembre Vomero"]
[Site "Napoli ITA"]
[Date "2010.10.15"]
[Round "6"]
[White "Caiazzo, Diego"]
[Black "Esposito, Pino"]
[WhiteElo "1887"]
[BlackElo "1877"]
[Result "1/2-1/2"]
[PlyCount "126"]
[EventDate "2010.09.10"]

1. b3 e5 2. Bb2 Nc6 3. e3 d5 4. Nf3 f6 5. Be2 Be6 6. O-O Bd6 7. d3 Nge7 8. Nbd2
O-O 9. c4 a6 10. cxd5 Nxd5 11. Ne4 Nb8 12. Nxd6 Qxd6 13. d4 exd4 14. Nxd4 Bf7
15. Bf3 c6 16. Qc1 Qc7 17. Rd1 Ne7 18. Ba3 Rd8 19. Qb2 Qe5 20. Nc2 Re8 21. Qxe5
fxe5 22. Bg4 Nd5 23. Nb4 Nf6 24. Bh3 a5 25. Nd3 Na6 26. Nc5 Nxc5 27. Bxc5 Be6
28. Bxe6+ Rxe6 29. Ba3 Kf7 30. Rd2 e4 31. Rad1 Nd5 32. Rd4 Rae8 33. Rc1 b5 34.
Bb2 g6 35. g3 Ke7 36. Ba3+ b4 37. Bb2 Kd6 38. Rdc4 Rc8 39. Rc5 a4 40. bxa4 Nb6
41. Ra5 c5 42. Ra6 Rc6 43. a5 Nd5 44. Rxc6+ Kxc6 45. Bd4 Nc3 46. Bxc3 bxc3 47.
Rxc3 Kb5 48. Kf1 Ra6 49. Ke2 Rxa5 50. Rc2 Ra7 51. f3 exf3+ 52. Kxf3 Ra4 53. e4
Kc6 54. e5 Kd5 55. Re2 Ke6 56. h4 h6 57. Kf2 c4 58. Ke1 Ra3 59. Kf2 Rd3 60. g4
Ra3 61. g5 hxg5 62. hxg5 Rc3 63. Kg2 Ra3 1/2-1/2

[Event "VII Open Settembre Vomero"]
[Site "Napoli ITA"]
[Date "2010.10.15"]
[Round "6"]
[White "Cangiano, Federico"]
[Black "Pinto, Gaetano"]
[WhiteElo "1960"]
[BlackElo "2048"]
[Result "1/2-1/2"]
[PlyCount "49"]
[EventDate "2010.09.10"]

1. e4 d6 2. d4 Nf6 3. Nc3 Nbd7 4. f4 e5 5. Nf3 exd4 6. Qxd4 Be7 7. Be3 O-O 8.
h3 Re8 9. O-O-O Bf8 10. Bc4 h6 11. g4 Qe7 12. g5 hxg5 13. Nxg5 Nc5 14. Bxf7+
Kh8 15. Bxe8 Qxe8 16. e5 Nfd7 17. Nd5 Na6 18. Qd3 Qh5 19. e6 Ndc5 20. Qf5 Bxe6
21. Qg4 Bxg4 22. hxg4 Qxh1 23. Rxh1+ Kg8 24. b4 c6 25. bxc5 1/2-1/2

[Event "VII Open Settembre Vomero"]
[Site "Napoli ITA"]
[Date "2010.10.15"]
[Round "6"]
[White "Di Meo, Antonio"]
[Black "Cosenza, Gianni"]
[WhiteElo "1950"]
[BlackElo "1925"]
[Result "1/2-1/2"]
[PlyCount "36"]
[EventDate "2010.09.10"]

1. b3 d5 2. Bb2 Bg4 3. d3 Nc6 4. Nd2 e5 5. Ngf3 Bd6 6. e3 Nf6 7. Be2 Qe7 8. c4
Rd8 9. cxd5 Nxd5 10. O-O O-O 11. a3 Rfe8 12. b4 a6 13. Qa4 Nb6 14. Qc2 Bf5 15.
Rfd1 h6 16. Nc4 Nxc4 17. Qxc4 Be6 18. Qh4 Qxh4 1/2-1/2

[Event "VII Open Settembre Vomero"]
[Site "Napoli ITA"]
[Date "2010.10.15"]
[Round "6"]
[White "Esposito, Rosario"]
[Black "Di Gennaro, Antonio"]
[WhiteElo "1823"]
[BlackElo "1661"]
[Result "1-0"]
[PlyCount "27"]
[EventDate "2010.09.10"]

1. d4 d5 2. c4 e6 3. Nc3 c6 4. e4 dxe4 5. Nxe4 Bb4+ 6. Bd2 Qxd4 7. Bxb4 Qxe4+
8. Be2 Na6 9. Ba3 b6 10. Qd6 Bb7 11. Qf8+ Kd7 12. Rd1+ Qd5 13. Qxf7+ Kc8 14.
cxd5 1-0

[Event "VII Open Settembre Vomero"]
[Site "Napoli ITA"]
[Date "2010.10.15"]
[Round "6"]
[White "Franzese, Luigi"]
[Black "Ficco, Corrado"]
[WhiteElo "1808"]
[BlackElo "2117"]
[Result "0-1"]
[PlyCount "64"]
[EventDate "2010.09.10"]

1. e4 c5 2. Nf3 e6 3. d4 cxd4 4. Nxd4 Nf6 5. Nc3 Nc6 6. Be3 Bb4 7. f3 d5 8. Bb5
Bd7 9. O-O O-O 10. exd5 exd5 11. Nce2 Re8 12. Bf2 Ne5 13. c3 Bc5 14. Qa4 Nd3
15. Bxd7 Nxd7 16. Qc2 Nxf2 17. Rxf2 Rc8 18. Rff1 Qe7 19. Kh1 Nb6 20. b3 Qe3 21.
Rac1 g6 22. Qb2 Nd7 23. Ng3 Nf6 24. Nge2 a6 25. Qa1 Nh5 26. Qb2 Qh6 27. Rfe1
Re7 28. c4 Rce8 29. Qa1 Bb4 30. cxd5 Bxe1 31. Rxe1 Ng3+ 32. Kg1 Qe3# 0-1

[Event "VII Open Settembre Vomero"]
[Site "Napoli ITA"]
[Date "2010.10.15"]
[Round "6"]
[White "Gallo, Thomas Renato"]
[Black "Accardo, Francesco"]
[WhiteElo "1863"]
[BlackElo "1870"]
[Result "1-0"]
[PlyCount "37"]
[EventDate "2010.09.10"]

1. d4 b5 2. Bf4 Bb7 3. e3 c5 4. dxc5 Nf6 5. Nd2 Na6 6. Ngf3 Qa5 7. c3 Nd5 8.
Nb3 Qa4 9. Nfd4 Bc6 10. Nxc6 dxc6 11. Qf3 O-O-O 12. Be2 h5 13. h4 e5 14. Bxe5
Bxc5 15. Bd4 Be7 16. O-O Kb7 17. Rfc1 Rd6 18. c4 Nf6 19. cxb5 1-0

[Event "VII Open Settembre Vomero"]
[Site "Napoli ITA"]
[Date "2010.10.15"]
[Round "6"]
[White "Iannotta, Francesco"]
[Black "Somma, Erminio"]
[WhiteElo "1687"]
[BlackElo "1487"]
[Result "1-0"]
[PlyCount "91"]
[EventDate "2010.09.10"]

1. e4 c6 2. d4 d5 3. exd5 cxd5 4. c4 Nf6 5. Nc3 b6 6. Nf3 Nc6 7. Bf4 e6 8. Rc1
Bd6 9. Ne5 Bb7 10. cxd5 Nxd5 11. Nxd5 exd5 12. Bb5 Bxe5 13. Bxe5 f6 14. Bxc6+
Bxc6 15. Rxc6 fxe5 16. Re6+ Kf7 17. Rxe5 Re8 18. Qh5+ Kg8 19. Rxe8+ Qxe8+ 20.
Qxe8+ Rxe8+ 21. Kd2 Re4 22. Kd3 Kf7 23. Rc1 Re7 24. Rc8 a5 25. Rb8 Re6 26. Rd8
Rf6 27. f3 Ke6 28. Rb8 Kf7 29. Rb7+ Kg6 30. Rd7 h5 31. Rxd5 Kh6 32. Ke4 g6 33.
Ke5 Rc6 34. g4 Rc2 35. Kf6 h4 36. g5+ Kh5 37. Rd8 Rc6+ 38. Ke7 Kxg5 39. d5 Rc2
40. d6 Rxh2 41. d7 Re2+ 42. Kf7 Rd2 43. Ke6 Re2+ 44. Kd5 Kf6 45. Rf8+ Kg7 46.
d8=Q 1-0